000 00800nam a2200253 i 4500
001 bg
100 1 _aBOLLIER, David
245 1 0 _aMierzyć wyżej :
_bhistoria 25 firm, które osiągnęły sukces, łącząc skuteczne zarządzanie z realizacją misji społecznych /
_cDavid Bollier ; tł. [z ang.] Adam Janiszewski.
260 _aWarszawa :
_bBusiness Press,
_c1999.
300 _a298 s. ;
_c24 cm.
490 1 _aInspiracje
504 _aIndeks.
650 9 _aPrzedsiębiorstwo
_xorganizacja
_zStany Zjednoczone
650 9 _aSukces
_xzagadnienia
650 9 _aZarządzanie
_xmetody
830 _aInspiracje
020 _a8387474657
040 _cBPK
041 0 _apl
080 _a658.1/.5.01(73)
920 _a83-87474-65-7
942 _cKS
008 s pl f |000 0 pol
999 _c34629
_d34629
856 _uhttp://koha.tu.koszalin.pl/cgi-bin/koha/opac-detail.pl?biblionumber=34629
_yKatalog online BPK